[Event "GER-ch 82nd"]
[Site "Bonn"]
[Date "2011.06.01"]
[Round "7"]
[White "Krause, Ullrich"]
[Black "Dranov, Aleksandar"]
[Result "1/2-1/2"]
[WhiteElo "2283"]
[BlackElo "2465"]
[EventDate "2011.05.26"]
[PlyCount "118"]

1. Nf3 c5 2. c4 b6 3. g3 Bb7 4. Bg2 Nf6 5. Nc3 e6 6. O-O Be7 7. Re1 Ne4 8. Nxe4 Bxe4 9. d3 Bb7 10. e4 O-O 11. d4 cxd4 12. Nxd4 a6 13. b3 Nc6 14. Bf4 Nxd4 15. Qxd4 d6 16. Qd3 e5 17. Be3 Qc7 18. a4 Bc6 19. f4 exf4 20. Bxf4 Rad8 21. Rad1 Rfe8 22. h3 Bf8 23. Kh2 h6 24. Qc2 Re6 25. Rd2 Qb7 26. Rde2 Rde8 27. b4 Qe7 28. b5 Bb7 29. g4 axb5 30. axb5 g5 31. Bg3 Bg7 32. Qd3 Be5 33. Bxe5 Rxe5 34. Qd4 Qc7 35. Kh1 Qc5 36. Rd2 R8e6 37. Qxc5 dxc5 38. Rd7 Bxe4 39. Bxe4 Rxe4 40. Rxe4 Rxe4 41. Rd6 Kg7 42. Rxb6 Rxc4 43. Rc6 Rc2 44. b6 Rb2 45. Kg1 c4 46. Kh1 c3 47. Rxc3 Rxb6 48. Kg2 Kf6 49. Kg3 Ke5 50. Re3+ Kd4 51. Rf3 f6 52. h4 Ke4 53. hxg5 fxg5 54. Rf8 Rb3+ 55. Kg2 Ke5 56. Rf5+ Ke6 57. Ra5 Kf6 58. Ra6+ Ke5 59. Rxh6 Kf4 1/2-1/2

[Event "GER-ch 82nd"]
[Site "Bonn"]
[Date "2011.06.01"]
[Round "7"]
[White "Kummerow, Heiko"]
[Black "Gschnitzer, Oswald"]
[Result "0-1"]
[WhiteElo "2326"]
[BlackElo "2444"]
[EventDate "2011.05.26"]
[PlyCount "80"]

1. e4 c5 2. Nf3 d6 3. d4 cxd4 4. Nxd4 Nf6 5. Nc3 Nc6 6. Bg5 e6 7. Qd2 a6 8. O-O-O Be7 9. f3 Nxd4 10. Qxd4 b5 11. h4 Bb7 12. Kb1 Rc8 13. Bd3 Qc7 14. Qf2 h6 15. Be3 Nd7 16. Ne2 Nc5 17. Nd4 d5 18. exd5 Bxd5 19. Nb3 Nxd3 20. Rxd3 O-O 21. Bb6 Qc6 22. h5 e5 23. Re1 Bh4 24. Na5 Bxa2+ 25. Ka1 Bxf2 26. Nxc6 Bxe1 27. Ne7+ Kh7 28. Nxc8 Rxc8 29. Kxa2 Rxc2 30. g4 Bf2 31. Bxf2 Rxf2 32. Ra3 b4 33. Rxa6 Rxf3 34. Rb6 Rf4 35. Kb3 Rxg4 36. Rxb4 f5 37. Rb5 Re4 38. Kc3 f4 39. Kd3 f3 40. Rb7 Rf4 0-1

[Event "GER-ch 82nd"]
[Site "Bonn"]
[Date "2011.06.01"]
[Round "7"]
[White "Lederle, Vitus"]
[Black "Mertens, Heiko"]
[Result "0-1"]
[WhiteElo "2226"]
[BlackElo "2355"]
[EventDate "2011.05.26"]
[PlyCount "68"]

1. e4 c5 2. Nf3 e6 3. d4 cxd4 4. Nxd4 a6 5. Bd3 Nf6 6. O-O d6 7. Qe2 Be7 8. c4 O-O 9. Kh1 Nbd7 10. f4 Qc7 11. Nc3 b6 12. Bd2 Bb7 13. Rae1 Rfd8 14. Nf3 Rac8 15. e5 Ne8 16. Ne4 Nc5 17. Nxc5 bxc5 18. f5 dxe5 19. fxe6 fxe6 20. Nxe5 Nf6 21. Bc3 Bd6 22. Rxf6 gxf6 23. Ng4 e5 24. Nxf6+ Kh8 25. Ng4 Rg8 26. Nxe5 Bxg2+ 27. Kg1 Rg7 28. Ng4 Bxh2+ 29. Nxh2 Bf3+ 30. Kf1 Bxe2+ 31. Rxe2 Qf4+ 32. Rf2 Qc1+ 33. Ke2 Re8+ 34. Kf3 Qe3# 0-1

[Event "GER-ch 82nd"]
[Site "Bonn"]
[Date "2011.06.01"]
[Round "7"]
[White "Lubbe, Nikolas"]
[Black "Mueller, Oliver"]
[Result "1/2-1/2"]
[WhiteElo "2422"]
[BlackElo "2327"]
[EventDate "2011.05.26"]
[PlyCount "89"]

1. e4 c5 2. Nf3 e6 3. d4 cxd4 4. Nxd4 a6 5. Bd3 Bc5 6. Nb3 Ba7 7. O-O Ne7 8. Bf4 d5 9. Nc3 d4 10. Ne2 Nbc6 11. Kh1 e5 12. Bg3 Ng6 13. f4 exf4 14. Nxf4 Nge5 15. Be2 O-O 16. Nd2 Qg5 17. Nd3 Nxd3 18. Bxd3 Bg4 19. Qe1 Bb8 20. Nc4 Be6 21. Nd6 Ne5 22. Bh4 Nxd3 23. cxd3 Qc5 24. Nf5 Bxf5 25. Rxf5 Qb6 26. Qf2 Bd6 27. Rf1 f6 28. b3 Rac8 29. Qf3 Rc5 30. Bg3 Bxg3 31. Qxg3 Rfc8 32. h3 Rxf5 33. Rxf5 Rd8 34. Rf2 Qc6 35. h4 h6 36. Qg4 Qc1+ 37. Kh2 Qc7+ 38. g3 Qc6 39. Qg6 Rc8 40. Qf5 Re8 41. Qg4 Re5 42. Kh3 Rc5 43. Rf5 Rxf5 44. Qxf5 Qc3 45. Qd5+ 1/2-1/2

[Event "GER-ch 82nd"]
[Site "Bonn"]
[Date "2011.06.01"]
[Round "7"]
[White "Natsidis, Christoph"]
[Black "Vatter, Hans Joachim"]
[Result "1-0"]
[WhiteElo "2363"]
[BlackElo "2326"]
[EventDate "2011.05.26"]
[PlyCount "61"]

1. d4 Nf6 2. Nf3 e6 3. g3 d5 4. Bg2 a5 5. c4 Bb4+ 6. Nc3 dxc4 7. O-O Nc6 8. e4 Bxc3 9. bxc3 Nxe4 10. Ne5 Nxe5 11. Bxe4 Nd7 12. Ba3 c6 13. Qe2 Nf6 14. Bg2 Nd5 15. Qxc4 f6 16. Rfe1 Kf7 17. Qd3 b5 18. Bc5 a4 19. h4 g6 20. c4 bxc4 21. Qxc4 Qc7 22. Ba3 Bd7 23. Bxd5 exd5 24. Re7+ Kg8 25. Qc5 h5 26. Rae1 Rh6 27. Bc1 Rh8 28. Bf4 Qd8 29. Qd6 Bf5 30. Qxc6 Be4 31. Qe6+ 1-0

[Event "GER-ch 82nd"]
[Site "Bonn"]
[Date "2011.06.01"]
[Round "7"]
[White "Poetsch, Hagen"]
[Black "Kessler, Andreas"]
[Result "1-0"]
[WhiteElo "2424"]
[BlackElo "2167"]
[EventDate "2011.05.26"]
[PlyCount "67"]

1. e4 e6 2. d4 d5 3. Nc3 Nc6 4. e5 f6 5. Nf3 Bd7 6. Bf4 a6 7. Bd3 Nb4 8. Be2 Ne7 9. Nh4 Qc8 10. Bh5+ Kd8 11. exf6 gxf6 12. O-O Rg8 13. a3 Nbc6 14. Qd3 f5 15. Qe3 Ng6 16. Bg5+ Be7 17. Bxg6 hxg6 18. Rfe1 Rg7 19. Bxe7+ Nxe7 20. Qg5 Ke8 21. Nxd5 Nxd5 22. Nxf5 Kf8 23. Nxg7 Kxg7 24. Qe5+ Kg8 25. c4 Nb6 26. d5 exd5 27. c5 Na4 28. Qxd5+ Kf8 29. b3 Bc6 30. Qd4 Qd8 31. Qh8+ Kf7 32. Qh7+ Kf6 33. Rad1 Qf8 34. bxa4 1-0

[Event "GER-ch 82nd"]
[Site "Bonn"]
[Date "2011.06.01"]
[Round "7"]
[White "Rietze, Clemens"]
[Black "Bracker, Frank"]
[Result "1/2-1/2"]
[WhiteElo "2283"]
[BlackElo "2355"]
[EventDate "2011.05.26"]
[PlyCount "60"]

1. e4 c5 2. Nf3 d6 3. d4 cxd4 4. Nxd4 Nf6 5. Nc3 a6 6. Bg5 Nbd7 7. Qd2 e6 8. O-O-O b5 9. a3 Bb7 10. f4 Be7 11. Bd3 Rc8 12. Rhe1 Nc5 13. Kb1 h6 14. Bxf6 Bxf6 15. e5 dxe5 16. fxe5 Bg5 17. Qf2 Nxd3 18. Rxd3 Qb6 19. Ne4 Bxe4 20. Rxe4 O-O 21. Qg3 Rfd8 22. Rg4 f5 23. exf6 Bxf6 24. Qf4 Rxd4 25. Rxd4 Bxd4 26. Qxd4 Qxd4 27. Rxd4 Rc6 28. Rd7 Kh7 29. Kc1 Kg6 30. Kd2 Kf6 1/2-1/2

[Event "GER-ch 82nd"]
[Site "Bonn"]
[Date "2011.06.01"]
[Round "7"]
[White "Siebrecht, Sebastian"]
[Black "Seel, Christian"]
[Result "1/2-1/2"]
[WhiteElo "2460"]
[BlackElo "2484"]
[EventDate "2011.05.26"]
[PlyCount "35"]

1. Nf3 Nf6 2. c4 c5 3. Nc3 d5 4. cxd5 Nxd5 5. e4 Nxc3 6. bxc3 g6 7. h4 h6 8. Bb5+ Nd7 9. a4 Bg7 10. Qe2 Qc7 11. a5 O-O 12. Bc4 Ne5 13. Nxe5 Qxe5 14. O-O Qf6 15. g3 Be6 16. f4 Bxc4 17. Qxc4 Qc6 18. Rb1 1/2-1/2

[Event "GER-ch 82nd"]
[Site "Bonn"]
[Date "2011.06.01"]
[Round "7"]
[White "Stern, Rene"]
[Black "Huschenbeth, Niclas"]
[Result "1-0"]
[WhiteElo "2483"]
[BlackElo "2502"]
[EventDate "2011.05.26"]
[PlyCount "95"]

1. d4 d5 2. c4 c6 3. Nf3 e6 4. e3 Bd6 5. Nc3 f5 6. Ne5 Nf6 7. f4 O-O 8. Be2 b6 9. O-O Bb7 10. cxd5 exd5 11. Qb3 Kh8 12. Bd2 Nbd7 13. Rf3 Ne4 14. Nxe4 fxe4 15. Rff1 c5 16. Bc3 Bxe5 17. dxe5 Qe7 18. Qa3 a5 19. Rad1 Rad8 20. Qa4 Nb8 21. Qb3 Qc7 22. e6 Nc6 23. Rxd5 Nd4 24. Rxd4 cxd4 25. Bxd4 Bd5 26. Qxb6 Qxb6 27. Bxb6 Rb8 28. e7 Rfe8 29. Bc5 Bxa2 30. f5 Kg8 31. f6 g6 32. Ra1 Bf7 33. Bd4 Ra8 34. Kf2 Rec8 35. Kg3 a4 36. Bb5 Be8 37. Bxe8 Rxe8 38. Kf4 Rec8 39. Kxe4 Kf7 40. Kd3 Rc6 41. e4 Rca6 42. e5 a3 43. bxa3 Rxa3+ 44. Rxa3 Rxa3+ 45. Ke4 Ra6 46. Kd5 h5 47. Bc5 Ra8 48. h4 1-0

[Event "GER-ch 82nd"]
[Site "Bonn"]
[Date "2011.06.01"]
[Round "7"]
[White "Strache, Michael"]
[Black "Bastian, Herbert"]
[Result "0-1"]
[WhiteElo "2317"]
[BlackElo "2332"]
[EventDate "2011.05.26"]
[PlyCount "64"]

1. d4 Nf6 2. Nf3 g6 3. g3 Bg7 4. Bg2 O-O 5. O-O d6 6. Re1 Nbd7 7. e4 e5 8. c4 exd4 9. Nxd4 c6 10. Nc3 Ne5 11. b3 Nfg4 12. Rf1 Qa5 13. Qd2 Qc5 14. Nce2 Nxh2 15. Kxh2 Ng4+ 16. Kg1 Qh5 17. Rd1 f5 18. exf5 Bxf5 19. Nf4 Qh2+ 20. Kf1 g5 21. Nf3 Qh6 22. Nd5 Be4 23. Ne7+ Kh8 24. Qxd6 Nh2+ 25. Ke2 Qh5 26. g4 Qxg4 27. Qxh2 Bxf3+ 28. Bxf3 Qxf3+ 29. Ke1 Rae8 30. Be3 Rxe7 31. Rac1 Be5 32. Qh6 Bg3 0-1

[Event "GER-ch 82nd"]
[Site "Bonn"]
[Date "2011.06.01"]
[Round "7"]
[White "Zill, Christoph"]
[Black "Seger, Ruediger"]
[Result "0-1"]
[WhiteElo "2278"]
[BlackElo "2412"]
[EventDate "2011.05.26"]
[PlyCount "79"]

1. e4 c6 2. d4 d5 3. Nc3 dxe4 4. Nxe4 Bf5 5. Ng3 Bg6 6. h4 h6 7. Nf3 Nd7 8. h5 Bh7 9. Bd3 Bxd3 10. Qxd3 Ngf6 11. Bf4 Qa5+ 12. Bd2 Qa4 13. a3 e6 14. b3 Qb5 15. c4 Qb6 16. O-O Be7 17. Rfe1 O-O 18. Bf4 Rad8 19. Nf5 exf5 20. Rxe7 Nxh5 21. Bd6 Nhf6 22. Qxf5 Qxb3 23. Re3 Qxc4 24. Bxf8 Nxf8 25. Qa5 Qd5 26. Qxa7 Ng4 27. Re7 b5 28. Qc5 Qxc5 29. dxc5 Ne6 30. Rc1 Ra8 31. Rc3 b4 32. Rc1 bxa3 33. Nd2 a2 34. Ra1 Nxc5 35. f3 Nf6 36. Re2 Nd5 37. Ne4 Nxe4 38. Rxe4 Rb8 39. Kh2 Nc3 40. Kg3 0-1

[Event "GER-ch 82nd"]
[Site "Bonn"]
[Date "2011.06.02"]
[Round "8"]
[White "Bastian, Herbert"]
[Black "Vatter, Hans Joachim"]
[Result "1/2-1/2"]
[WhiteElo "2332"]
[BlackElo "2326"]
[EventDate "2011.05.26"]
[PlyCount "159"]

1. e4 e6 2. d4 d5 3. e5 c5 4. c3 Qb6 5. Nf3 Bd7 6. a3 Bb5 7. c4 Bxc4 8. Bxc4 dxc4 9. d5 Ne7 10. Nc3 exd5 11. Nxd5 Qd8 12. Qa4+ Nbc6 13. Ne3 Qa5+ 14. Qxa5 Nxa5 15. O-O Nec6 16. Bd2 Be7 17. Bxa5 Nxa5 18. a4 O-O 19. Nd5 Bd8 20. Nd2 Re8 21. f4 Rc8 22. Rac1 f6 23. Rce1 fxe5 24. fxe5 Rc6 25. Re4 a6 26. Rfe1 Rce6 27. Nf4 Rb6 28. Nxc4 Nxc4 29. Rxc4 Rxb2 30. e6 b5 31. axb5 axb5 32. Rce4 Be7 33. Nd5 Bd6 34. Rd1 c4 35. e7 Rc2 36. Re6 Bc5+ 37. Kh1 c3 38. Rc6 Rd2 39. Nxc3 Rxd1+ 40. Nxd1 Rxe7 41. g3 Re1+ 42. Kg2 Bd4 43. Nc3 Bxc3 44. Rxc3 Re2+ 45. Kh3 Re8 46. Kg4 Kf7 47. Kf5 g6+ 48. Kg5 Re7 49. Rc6 Rb7 50. Kh6 Ke8 51. Ra6 b4 52. Ra8+ Kf7 53. Kxh7 b3 54. Ra1 b2 55. Rb1 Kf6+ 56. Kh6 Rb5 57. g4 g5 58. Rf1+ Ke6 59. Rb1 Kd6 60. Kg6 Kc6 61. Kf6 Kb6 62. h3 Kc6 63. Ke6 Kc5 64. Kf6 Kd4 65. Rxb2 Rxb2 66. Kxg5 Ke5 67. h4 Rb8 68. Kg6 Rg8+ 69. Kf7 Rh8 70. h5 Kf4 71. Kg6 Rb8 72. h6 Rb6+ 73. Kh5 Rb7 74. Kg6 Kxg4 75. h7 Rb6+ 76. Kg7 Kg5 77. h8=Q Rb7+ 78. Kg8 Rb8+ 79. Kg7 Rxh8 80. Kxh8 1/2-1/2

[Event "GER-ch 82nd"]
[Site "Bonn"]
[Date "2011.06.02"]
[Round "8"]
[White "Bracker, Frank"]
[Black "Dranov, Aleksandar"]
[Result "1/2-1/2"]
[WhiteElo "2355"]
[BlackElo "2465"]
[EventDate "2011.05.26"]
[PlyCount "101"]

1. e4 c5 2. Nf3 d6 3. d4 cxd4 4. Nxd4 Nf6 5. Nc3 Nc6 6. Bg5 e6 7. Qd2 a6 8. O-O-O h6 9. Be3 Nxd4 10. Bxd4 b5 11. f3 Bb7 12. Be3 Be7 13. Ne2 Qc7 14. Nd4 Rc8 15. Kb1 Nd7 16. h4 Ne5 17. Bd3 d5 18. Qe2 Nc4 19. exd5 Bxd5 20. Bc1 Bf6 21. Be4 Bxe4 22. Qxe4 O-O 23. g4 Rfd8 24. g5 Bxd4 25. Rxd4 Rxd4 26. Qxd4 Ne5 27. Qe4 Qc4 28. gxh6 Nxf3 29. Qxc4 Rxc4 30. h5 gxh6 31. Bxh6 e5 32. b3 Rg4 33. Rf1 e4 34. c4 bxc4 35. bxc4 f5 36. c5 Kf7 37. c6 Ke6 38. Rd1 Rg8 39. Bf4 Ne5 40. Bxe5 Kxe5 41. h6 Rb8+ 42. Ka1 e3 43. c7 Rc8 44. h7 Ke4 45. Rd8 e2 46. h8=Q e1=Q+ 47. Kb2 Qb4+ 48. Ka1 Qe1+ 49. Kb2 Qb4+ 50. Ka1 Qe1+ 51. Kb2 1/2-1/2

[Event "GER-ch 82nd"]
[Site "Bonn"]
[Date "2011.06.02"]
[Round "8"]
[White "Huschenbeth, Niclas"]
[Black "Buhmann, Rainer"]
[Result "1-0"]
[WhiteElo "2502"]
[BlackElo "2579"]
[EventDate "2011.05.26"]
[PlyCount "143"]

1. e4 c6 2. d4 d5 3. e5 c5 4. dxc5 e6 5. a3 Nc6 6. Nf3 Bxc5 7. b4 Bb6 8. Bb2 Nge7 9. Bd3 Ng6 10. g3 O-O 11. O-O d4 12. Qe2 Bc7 13. Bxg6 fxg6 14. Nbd2 g5 15. Qe4 a6 16. Bxd4 g4 17. Qxg4 Nxd4 18. Qxd4 Qxd4 19. Nxd4 Bxe5 20. N2b3 Bxd4 21. Nxd4 e5 22. Nb3 Bh3 23. Rfe1 Rac8 24. Ra2 Rfd8 25. f3 Rc3 26. Kf2 Be6 27. Rxe5 Bxb3 28. cxb3 Rxb3 29. f4 Rdd3 30. Rae2 Rxa3 31. Re8+ Kf7 32. R8e7+ Kf8 33. Rxb7 Rf3+ 34. Kg2 Rae3 35. Rxe3 Rxe3 36. Kh3 Re2 37. Rb6 Ra2 38. Kg4 a5 39. Ra6 a4 40. Kf5 a3 41. Ke6 Re2+ 42. Kd5 a2 43. h3 h5 44. Ra7 Ke8 45. Kd6 Rb2 46. Ke6 Re2+ 47. Kf5 Rg2 48. g4 g6+ 49. Ke6 Re2+ 50. Kf6 hxg4 51. hxg4 Rf2 52. f5 gxf5 53. g5 f4 54. g6 Rg2 55. g7 f3 56. Rxa2 f2 57. Ra1 Rg3 58. Rf1 Rf3+ 59. Kg6 Rg3+ 60. Kh7 Rh3+ 61. Kg6 Rg3+ 62. Kf6 Rf3+ 63. Ke6 Rg3 64. Rxf2 Rxg7 65. Kd6 Rg6+ 66. Kc7 Rg7+ 67. Kc6 Rg6+ 68. Kb7 Rg7+ 69. Ka6 Rg6+ 70. Ka5 Kd7 71. Rc2 Re6 72. b5 1-0

[Event "GER-ch 82nd"]
[Site "Bonn"]
[Date "2011.06.02"]
[Round "8"]
[White "Jugelt, Tobias"]
[Black "Siebrecht, Sebastian"]
[Result "1/2-1/2"]
[WhiteElo "2403"]
[BlackElo "2460"]
[EventDate "2011.05.26"]
[PlyCount "111"]

1. d4 Nf6 2. c4 e6 3. Nf3 d5 4. e3 Be7 5. b3 O-O 6. Nc3 b6 7. Bb2 Bb7 8. Be2 Nbd7 9. O-O c5 10. cxd5 Nxd5 11. Rc1 Rc8 12. Nxd5 Bxd5 13. Ba6 Rc7 14. Qe2 Qa8 15. dxc5 Rxc5 16. Bd4 Rxc1 17. Rxc1 Nc5 18. Bc4 Rd8 19. Ne1 Bf8 20. h3 Bb7 21. Qg4 Bd5 22. Qe2 h6 23. Kf1 Ne4 24. Nf3 Rc8 25. Rc2 Bb7 26. Kg1 Nd6 27. Bd3 Rxc2 28. Bxc2 Qc8 29. Be5 Ne4 30. Qd3 Bb4 31. Bb2 Bc3 32. Bxc3 Qxc3 33. Qd8+ Kh7 34. Qd1 Bd5 35. Nd2 f5 36. Nxe4 Bxe4 37. Bxe4 fxe4 38. Qg4 Qe1+ 39. Kh2 Qxf2 40. Qxe4+ Qf5 41. Qd4 a5 42. Qxb6 Qe5+ 43. Kg1 Qa1+ 44. Kf2 Qxa2+ 45. Kf3 e5 46. Qe6 Qb2 47. Qd5 Qc3 48. Ke4 Qb2 49. Kf3 Qc3 50. g4 Qa1 51. Ke4 Qh1+ 52. Kxe5 Qxh3 53. Qe4+ Kh8 54. Qf4 Qg2 55. Qf8+ Kh7 56. Qf5+ 1/2-1/2

[Event "GER-ch 82nd"]
[Site "Bonn"]
[Date "2011.06.02"]
[Round "8"]
[White "Khenkin, Igor"]
[Black "Natsidis, Christoph"]
[Result "1/2-1/2"]
[WhiteElo "2620"]
[BlackElo "2363"]
[EventDate "2011.05.26"]
[PlyCount "21"]

1. d4 Nf6 2. c4 e6 3. Nc3 Bb4 4. f3 c5 5. d5 Nh5 6. Nh3 Qh4+ 7. Nf2 Bxc3+ 8. bxc3 Qxc4 9. e4 Qxc3+ 10. Bd2 Qf6 11. Rc1 1/2-1/2

[Event "GER-ch 82nd"]
[Site "Bonn"]
[Date "2011.06.02"]
[Round "8"]
[White "Krassowizkij, Jaroslaw"]
[Black "Molinaroli, Martin"]
[Result "1-0"]
[WhiteElo "2356"]
[BlackElo "2286"]
[EventDate "2011.05.26"]
[PlyCount "69"]

1. c4 Nf6 2. Nf3 g6 3. d4 Bg7 4. g3 O-O 5. Bg2 d6 6. O-O c6 7. Nc3 Qa5 8. e4 Bg4 9. h3 Bxf3 10. Bxf3 Nbd7 11. Rb1 c5 12. d5 a6 13. Be2 Rab8 14. a4 Qc7 15. g4 h6 16. h4 e6 17. g5 hxg5 18. hxg5 Nh7 19. Qd3 Rbe8 20. dxe6 fxe6 21. f4 Rf7 22. Bg4 Bd4+ 23. Kg2 Nb8 24. f5 Nc6 25. Bf4 gxf5 26. exf5 Rg7 27. Ne4 exf5 28. Bxf5 Nb4 29. Bxh7+ Rxh7 30. Nf6+ Bxf6 31. Qg6+ Kf8 32. Bxd6+ Qxd6 33. Rxf6+ Qxf6 34. Qxf6+ Rf7 35. Qh8+ 1-0

[Event "GER-ch 82nd"]
[Site "Bonn"]
[Date "2011.06.02"]
[Round "8"]
[White "Krause, Ullrich"]
[Black "Lubbe, Nikolas"]
[Result "1/2-1/2"]
[WhiteElo "2283"]
[BlackElo "2422"]
[EventDate "2011.05.26"]
[PlyCount "99"]

1. Nf3 Nf6 2. g3 g6 3. Bg2 Bg7 4. O-O O-O 5. c4 d6 6. d4 Nc6 7. Nc3 a6 8. h3 Rb8 9. Be3 Na5 10. Nd2 b5 11. cxb5 axb5 12. b4 Nc4 13. Nxc4 bxc4 14. a3 d5 15. Qd2 c6 16. Bh6 Bxh6 17. Qxh6 Qd6 18. Qf4 Qxf4 19. gxf4 Rd8 20. Kh2 Bf5 21. Bf3 Bc2 22. Rfc1 Bb3 23. e3 Rd7 24. Bd1 Bxd1 25. Rxd1 e6 26. Rdb1 Rdb7 27. Kg2 Kf8 28. Kf3 Ke7 29. Ke2 Kd6 30. Kd2 Nd7 31. Na4 Kc7 32. Kc3 Ra7 33. Nc5 Rba8 34. Kb2 Nb6 35. Rc1 Na4+ 36. Nxa4 Rxa4 37. Rc3 Kd6 38. h4 Ke7 39. h5 Kf6 40. hxg6 fxg6 41. f3 Kg7 42. Rg1 Rf8 43. Rc2 Ra7 44. Ra1 Rfa8 45. Rg2 Ra4 46. Rc2 R8a7 47. Rh2 Kf6 48. Rg2 Kg7 49. Rh2 Kf8 50. Rg2 1/2-1/2

[Event "GER-ch 82nd"]
[Site "Bonn"]
[Date "2011.06.02"]
[Round "8"]
[White "Lederle, Vitus"]
[Black "Zill, Christoph"]
[Result "1/2-1/2"]
[WhiteElo "2226"]
[BlackElo "2278"]
[EventDate "2011.05.26"]
[PlyCount "126"]

1. e4 e6 2. d4 d5 3. Nc3 Bb4 4. e5 Ne7 5. Bd3 c5 6. dxc5 Nbc6 7. Nf3 Ng6 8. O-O Ngxe5 9. Nxe5 Nxe5 10. Bf4 Nxd3 11. Qxd3 O-O 12. Bd6 Bxc3 13. Qxc3 Re8 14. f4 b6 15. b4 Ba6 16. Rf3 Bc4 17. a4 f6 18. Re3 Rc8 19. a5 Qd7 20. Qd4 b5 21. Rae1 a6 22. Qd1 Rc6 23. Qh5 Qf7 24. Qh3 d4 25. Re4 Bd5 26. Rxd4 Rcc8 27. Rd2 Bc4 28. Qg3 Qg6 29. Qf3 Bd5 30. Qh3 Bc4 31. Re3 Red8 32. Rf2 Re8 33. Qh4 Qf5 34. h3 Qd5 35. Qg4 Qf5 36. Rd2 Qxg4 37. hxg4 Kf7 38. Kf2 h6 39. g5 hxg5 40. fxg5 e5 41. gxf6 gxf6 42. Rh3 Kg6 43. g4 Rh8 44. Rxh8 Rxh8 45. Kg3 Rh1 46. Be7 Kf7 47. Bd8 Rg1+ 48. Kf3 Rf1+ 49. Kg2 Rf4 50. Rd7+ Ke8 51. Rd6 Rxg4+ 52. Kh3 f5 53. c6 Bf1+ 54. Kh2 Rg2+ 55. Kh1 Rxc2 56. c7 Bg2+ 57. Kg1 Bb7 58. Re6+ Kd7 59. Rxe5 f4 60. Rf5 Rc4 61. Bg5 Rxc7 62. Rf7+ Kc6 63. Rxc7+ Kxc7 1/2-1/2

[Event "GER-ch 82nd"]
[Site "Bonn"]
[Date "2011.06.02"]
[Round "8"]
[White "Mertens, Heiko"]
[Black "Poetsch, Hagen"]
[Result "1/2-1/2"]
[WhiteElo "2355"]
[BlackElo "2424"]
[EventDate "2011.05.26"]
[PlyCount "64"]

1. e4 Nc6 2. c4 e5 3. Nc3 Bc5 4. d3 d6 5. g3 f5 6. Nf3 Nf6 7. Bg2 O-O 8. O-O Qe8 9. Be3 fxe4 10. dxe4 Bxe3 11. fxe3 Qh5 12. Qd3 Nb4 13. Qd2 Be6 14. b3 a5 15. Nh4 Ng4 16. h3 Nh6 17. Nd5 Bxd5 18. cxd5 Qg5 19. Kh2 Na6 20. Nf3 Qh5 21. Nh4 b6 22. Rf3 g5 23. Nf5 g4 24. Nxh6+ Qxh6 25. Rxf8+ Rxf8 26. h4 Nc5 27. Qe2 Qg6 28. Rc1 Rf7 29. Qc2 Qh6 30. Qe2 Qg6 31. Qc2 Qh6 32. Qe2 Qg6 1/2-1/2

[Event "GER-ch 82nd"]
[Site "Bonn"]
[Date "2011.06.02"]
[Round "8"]
[White "Rietze, Clemens"]
[Black "Kummerow, Heiko"]
[Result "1/2-1/2"]
[WhiteElo "2283"]
[BlackElo "2326"]
[EventDate "2011.05.26"]
[PlyCount "79"]

1. e4 e6 2. d4 d5 3. Nc3 Bb4 4. e5 c5 5. a3 Bxc3+ 6. bxc3 Ne7 7. Qg4 O-O 8. Bd3 f5 9. exf6 Rxf6 10. Bg5 Rf7 11. Qh5 g6 12. Qd1 Qa5 13. Bd2 Nbc6 14. Nf3 Qc7 15. O-O c4 16. Be2 e5 17. dxe5 Nxe5 18. Nd4 Nf5 19. Bf4 Nxd4 20. Qxd4 Nc6 21. Bxc7 Nxd4 22. cxd4 Rxc7 23. Bf3 Be6 24. Rfe1 Bf7 25. Re5 Rd8 26. Rb1 Rd6 27. Rb5 Ra6 28. Re3 c3 29. Rb3 Ra4 30. Rexc3 Rxc3 31. Rxc3 Rxd4 32. Rc8+ Kg7 33. Rc7 Kf6 34. Rxb7 Ra4 35. Rb3 Be6 36. Kf1 d4 37. Rb4 Rxa3 38. Rxd4 Ra2 39. Bd1 a5 40. c3 1/2-1/2

[Event "GER-ch 82nd"]
[Site "Bonn"]
[Date "2011.06.02"]
[Round "8"]
[White "Seel, Christian"]
[Black "Svane, Rasmus"]
[Result "1/2-1/2"]
[WhiteElo "2484"]
[BlackElo "2297"]
[EventDate "2011.05.26"]
[PlyCount "33"]

1. Nf3 d5 2. d4 Nf6 3. c4 e6 4. e3 Be7 5. b3 O-O 6. Bd3 b6 7. O-O Bb7 8. cxd5 Nxd5 9. a3 Nd7 10. e4 N5f6 11. Qc2 h6 12. e5 Nd5 13. Qe2 Re8 14. Bd2 Rc8 15. Rd1 c5 16. Qe4 Nf8 17. Qg4 1/2-1/2

[Event "GER-ch 82nd"]
[Site "Bonn"]
[Date "2011.06.02"]
[Round "8"]
[White "Seger, Ruediger"]
[Black "Mueller, Oliver"]
[Result "0-1"]
[WhiteElo "2412"]
[BlackElo "2327"]
[EventDate "2011.05.26"]
[PlyCount "70"]

1. e4 c5 2. c3 d5 3. exd5 Qxd5 4. d4 Nf6 5. Nf3 Bg4 6. dxc5 Qxd1+ 7. Kxd1 Nc6 8. Be3 e6 9. Nbd2 Nd5 10. Bb5 Nxe3+ 11. fxe3 Bxc5 12. Ke2 O-O-O 13. h3 Bxf3+ 14. gxf3 Ne7 15. Nb3 Bb6 16. Rhd1 Nd5 17. c4 Ne7 18. Nd2 Bc7 19. Rac1 Nf5 20. Nf1 h5 21. c5 h4 22. f4 g5 23. fxg5 Rhg8 24. Rxd8+ Bxd8 25. Rc4 Rxg5 26. Rg4 Rxg4 27. hxg4 Nh6 28. Kf3 f6 29. Be2 Nf7 30. Nd2 Ng5+ 31. Kg2 Bc7 32. Bf3 Be5 33. b3 Kc7 34. Kf2 Bg3+ 35. Kg2 Be1 0-1

[Event "GER-ch 82nd"]
[Site "Bonn"]
[Date "2011.06.02"]
[Round "8"]
[White "Stern, Rene"]
[Black "Gustafsson, Jan"]
[Result "1/2-1/2"]
[WhiteElo "2483"]
[BlackElo "2646"]
[EventDate "2011.05.26"]
[PlyCount "30"]

1. d4 Nf6 2. c4 g6 3. Nc3 d5 4. Nf3 Bg7 5. e3 O-O 6. Bd2 c6 7. Qb3 e6 8. Bd3 Nbd7 9. O-O Nb6 10. Rfd1 dxc4 11. Bxc4 Nxc4 12. Qxc4 Nd7 13. e4 e5 14. Bg5 Qe8 15. d5 Nb6 1/2-1/2

[Event "GER-ch 82nd"]
[Site "Bonn"]
[Date "2011.06.02"]
[Round "8"]
[White "Strache, Michael"]
[Black "Pitschka, Claus"]
[Result "1-0"]
[WhiteElo "2317"]
[BlackElo "2276"]
[EventDate "2011.05.26"]
[PlyCount "121"]

1. d4 d5 2. Nf3 Nf6 3. c4 c6 4. Qc2 a6 5. g3 g6 6. Bg2 Bg7 7. O-O O-O 8. Bf4 Qb6 9. Rd1 Bf5 10. Qc1 Nbd7 11. Nbd2 Ne4 12. c5 Qa7 13. Nb3 b6 14. Ng5 Nxg5 15. Bxg5 e5 16. cxb6 Qxb6 17. Be3 Qb7 18. Qc3 Rab8 19. Rac1 Rfc8 20. Rd2 Qb5 21. dxe5 Bxe5 22. Bd4 f6 23. e3 Kg7 24. f4 Bd6 25. Nc5 Nxc5 26. Bxc5 Bc7 27. Be7 Bb6 28. b4 Re8 29. Bxf6+ Kf7 30. Bd4 Be4 31. Qxc6 Rbc8 32. Qxb5 Rxc1+ 33. Qf1 Rxf1+ 34. Kxf1 Bxd4 35. exd4 Bxg2+ 36. Kxg2 Re3 37. Kh3 h5 38. Rc2 Ra3 39. Kh4 Kf6 40. g4 hxg4 41. Kxg4 Ra4 42. Rb2 Ra3 43. h4 Ra4 44. Rc2 Rxb4 45. Rc6+ Kf7 46. Rxa6 Rxd4 47. a4 Rd1 48. a5 Rg1+ 49. Kf3 Ra1 50. Ra8 Ra3+ 51. Kg4 Ke7 52. a6 Kf7 53. a7 Kg7 54. h5 gxh5+ 55. Kxh5 d4 56. Kg4 Kh7 57. f5 d3 58. Kf3 d2+ 59. Ke2 Rd3 60. Kd1 Rd7 61. f6 1-0

[Event "GER-ch 82nd"]
[Site "Bonn"]
[Date "2011.06.02"]
[Round "8"]
[White "Tischbierek, Raj"]
[Black "Gschnitzer, Oswald"]
[Result "1/2-1/2"]
[WhiteElo "2431"]
[BlackElo "2444"]
[EventDate "2011.05.26"]
[PlyCount "62"]

1. e4 c5 2. Nf3 d6 3. d4 cxd4 4. Nxd4 Nf6 5. Nc3 Nc6 6. Bg5 Bd7 7. Be2 Qa5 8. Bxf6 gxf6 9. O-O Nxd4 10. Qxd4 Rc8 11. Nd5 Qc5 12. Qd2 Qxc2 13. Qe3 Bh6 14. Qxh6 Qxe2 15. Qg7 Rf8 16. Qxh7 Qg4 17. f3 Qg5 18. f4 Qg6 19. Qxg6 fxg6 20. f5 Rg8 21. Rae1 Rc2 22. Rf2 Rxf2 23. Kxf2 Bc6 24. Rd1 g5 25. Rd3 Kd7 26. Ra3 a6 27. Rh3 Bxd5 28. exd5 Rc8 29. Rc3 Rh8 30. Rh3 Rc8 31. Rc3 Rh8 1/2-1/2

[Event "GER-ch 82nd"]
[Site "Bonn"]
[Date "2011.06.03"]
[Round "9"]
[White "Buhmann, Rainer"]
[Black "Stern, Rene"]
[Result "1-0"]
[WhiteElo "2579"]
[BlackElo "2483"]
[EventDate "2011.05.26"]
[PlyCount "109"]

1. Nf3 Nf6 2. c4 e6 3. g3 d5 4. d4 Bb4+ 5. Bd2 Be7 6. Bg2 c6 7. O-O Nbd7 8. Bf4 dxc4 9. Ne5 Nb6 10. a4 a5 11. Nd2 Qxd4 12. Nxc6 bxc6 13. Be3 Qd8 14. Bxc6+ Nfd7 15. Bxb6 Qxb6 16. Bxa8 O-O 17. Be4 Ne5 18. Qc2 f5 19. Bg2 Ba6 20. Rab1 Bf6 21. Rfd1 Rb8 22. b3 c3 23. Nc4 Qb4 24. Nxe5 Bxe5 25. e3 h5 26. h4 Qg4 27. f4 Bf6 28. Kf2 e5 29. Bf3 Qg6 30. Rd6 exf4 31. exf4 Kh7 32. Re1 Bc4 33. Rb1 Be6 34. Bxh5 Qxh5 35. Rxe6 Rd8 36. Rxf6 Rd2+ 37. Qxd2 cxd2 38. Rd6 Qf7 39. Rxd2 Qa7+ 40. Ke2 Qe7+ 41. Kf2 Qc5+ 42. Kg2 Qe3 43. Rdb2 Kh6 44. Kh3 Qf3 45. Re1 Qc3 46. Re6+ g6 47. Rb1 Qd3 48. Ree1 Qc3 49. Re7 Qc2 50. Rbe1 Qxb3 51. h5 Qxa4 52. hxg6 Qc4 53. g7 a4 54. Kh4 a3 55. g8=N+ 1-0